Institutiones linguae Slavicae dialecti veteris Quae quum upud Russos, Serbos aliosque ritus Graeci, tum apud dalmatas glagolitas ritus latini slavos in Llbris sacris obtinet
| Main Author: | |
|---|---|
| Corporate Author: | |
| Other Authors: | |
| Format: | Book |
| Language: | Salishan languages Latin Russian Slavic languages |
| PhysicalDescription: | LXVIII, 720 s. tab. 21 cm |
| Published: |
Vindobonae
Sumtibus et typis Antonii Schmid, c.r.p. typographi
MDCCCXXII [=1822]
|
| Subjects: |
MARC
| LEADER | 00000nam a2200000 a 4500 | ||
|---|---|---|---|
| 001 | vtls010635734 | ||
| 003 | SK-MaSNL | ||
| 005 | 20260301182933.0 | ||
| 008 | 251112 1822 au 001 0 sal | ||
| 020 | |q (viaz.) | ||
| 035 | |a urn:nbn:sk:snk-am00csov | ||
| 035 | |a urn:nbn:sk:snk-am3hue9 | ||
| 035 | |a 8D95214E-9C4E-4078-9C5A-14B7E58BA481 | ||
| 040 | |a SNK |b slo |c SNK |e AACR2 | ||
| 041 | |a lat |a rus |a sla | ||
| 044 | |a au |c AT | ||
| 080 | |a =163.1 |2 2001 | ||
| 080 | |a 81`282 |2 2003 | ||
| 080 | |a =16 |2 2003 | ||
| 100 | 1 | |a Dobrowsky, Josephi |4 aut |9 557516 | |
| 245 | 1 | 0 | |a Institutiones linguae Slavicae dialecti veteris |b Quae quum upud Russos, Serbos aliosque ritus Graeci, tum apud dalmatas glagolitas ritus latini slavos in Llbris sacris obtinet |c Josephi DobrowskypPresbyteri, aa. ll. et pholosophiae doctoris, Societatis scientiarum Bohemicae atque aliarum membri |
| 260 | |a Vindobonae |b Sumtibus et typis Antonii Schmid, c.r.p. typographi |c MDCCCXXII [=1822] | ||
| 300 | |a LXVIII, 720 s. |b tab. |c 21 cm | ||
| 500 | |a V texte tabuľky s abecedou v cyrilike a hlaholike | ||
| 500 | |a Biografické údaje o tlačiarovi z internetovej encyklopédie: www.jewishencyclopedia.com | ||
| 508 | |a Predslov autora | ||
| 546 | |a Latinčina |b Antikva | ||
| 546 | |a V texte cyrilika, hlaholika | ||
| 561 | |a Okrúhla pečiatka: Dar Martina Hamuljaka Matici Slovenskej. |5 SNK IC 1390 | ||
| 561 | |a Okrúhla pečiatka: Nyitravármegyei muzeum 1900. |5 SNK IC 1390 | ||
| 650 | 0 | 7 | |a staroslovienčina |2 SNKPH |9 1344 |
| 650 | 0 | 7 | |a lingvistika |2 SNKPH |9 860 |
| 650 | 0 | 7 | |a dialekty |2 SNKPH |9 19030 |
| 650 | 0 | 7 | |a cyrilika |2 SNKPH |9 86894 |
| 650 | 0 | 7 | |a hlaholika |2 SNKPH |9 24983 |
| 700 | 1 | |a Hamuljak, Martin, |d 1789-1859 |4 own |9 79936 | |
| 700 | 1 | |a Schmid, Anton, |d 1765-1855 |4 prt |9 306106 | |
| 710 | 1 | |a Schmid, Anton (Viedeň, Rakúsko), |d 1792-1854 |4 prt |9 419780 | |
| 752 | |a Rakúsko |d Wien | ||
| 852 | |a snk |b Historické fondy |p IC 1390 | ||
| 958 | |a ONDV | ||
| 999 | |c 855268 |d 857198 | ||
| 952 | |t Ham 210 |a SNK |b SNK |c SNK_HF |y PREZ |7 0 |p 17A1126839 |o snkIC 1390 |i snk 572/39 |8 5 |0 0 |1 0 |4 0 |d 2014-11-13 |f 1 |l 0 |r 2026-02-24 04:54:34 |w 2026-02-24 | ||


